1470 1012 1796 1394 1381 1373 1932 1172 1515 1921 1560 1924 1609 1333 1192 1417 1056 1445 1112 1125 1078 1559 1281 1346 1389 1961 1241 1612 1349 1579 1811 1202 1426 1719 1487 1031 1342 1577 1323 1420 1190 1662 1263 1281 1220 1153 1857 1897 1003 1822 1458 1057 1445 1423 1557 1480 1223 1178 1416 1100 1320 1666 1609 1460 1177 1103 1135 1436 1794 1347 1703 1097 1969 1414 1735 1020 1767 1231 1249 1988 1974 1062 1250 1688 1357 1395 1862 1986 1768 1214 1914 1557 1922 1055 1480 1598 1133 1561 1158 BCNSPRNW ULIB Ver.6.0+V

เปลี่ยนเป็นภาษาไทย

Change to English
 แสดงรายละเอียดบรรณานุกรม
  กลับหน้าหลัก

Brief Record : Get Marc (ISO 2709) : E-mail record : QR code < ปิดหน้าต่าง
LEADER : 00000nam 2200000uu 4500
001    13399114577
003     ULIB
008    120418s2542||||th 000 0 tha d
020    ^a9747379899
090    ^aนว.^bว527ห 2542
100 0  ^aพลตรี หลวงวิจิตรวาทการ
245 00 ^aห้วงรัก - เหวลึก เล่ม 3 /^cพลตรี หลวงวิจิตรวาทการ
250    ^aพิมพ์ครั้งที่ 3
260    ^aกรุงเทพฯ :^bสร้างสรรค์บุ๊คส์,^c2542
300    ^a1138 หน้า
710 1  ^aสร้างสรรค์บุ๊คส์
945    ^p780^l0^i16539
995    ^aกัณชพร
999    ^aใช้งานได้ทุกระบบ
รายการนี้ยังไม่มีแท็ก
คุณยังไม่ได้ล็อกอิน คุณสามารถมีกิจกรรมร่วมกับเว็บไซต์ได้ แต่ต้องล็อกอินก่อน ::
  ล็อกอิน

รายการสื่อสารสนเทศ

ลำดับที่ ประเภท เลขเรียก/บาร์โค้ด สถานที่ สถานะ
1. วิทยาศาสตร์การแพทย์ และสุขภาพ
วิทยาศาสตร์การแพทย์ และสุขภาพ
นว. ว527ห 2542  
  Barcode: 16539
ห้องสมุดวิทยาเขตสวรรค์ประชารักษ์
►นวนิยาย
บนชั้น
  ขอยืม

รายการใกล้เคียง
    ผู้แต่ง [พลตรี หลวงวิจิตรวาทการ]

BibComment


ยังไม่เคยถูกคอมเมนท์

คอมเมนท์ทรัพยากรรายการนี้
  คอมเมนท์: ห้วงรัก เหวลึก ..


 Copyright 2026. Bcnsprnw @Library